Sövényházi törekvések

Elmentve itt :
Bibliográfiai részletek
Szerző: Dupsi Károly
Dokumentumtípus: Cikk
Megjelent: 1964-10-13
Sorozat:Délmagyarország
Kulcsszavak:Falufejlesztés Sövényháza 1964, Ópusztaszer, Településfejlesztés Sövényháza, Településpolitika Sövényháza
Online Access:http://dmarchiv.bibl.u-szeged.hu/37015
LEADER 00539nab a2200157 i 4500
001 delm37015
005 20180927112816.0
008 180927s1964 hu o 0|| hun d
040 |a SZTE Délmagyarország Archívum  |b hun 
041 |a hun 
100 1 |a Dupsi Károly 
245 1 0 |a Sövényházi törekvések  |h [elektronikus dokumentum] /  |c  Dupsi Károly 
260 |c 1964-10-13 
300 |a 4 
490 0 |a Délmagyarország 
695 |a Falufejlesztés Sövényháza 1964, Ópusztaszer, Településfejlesztés Sövényháza, Településpolitika Sövényháza